RAISED INTRACRANIAL PRESSURE (Record no. 2924)

000 -LEADER
fixed length control field 00559nam a22002057a 4500
003 - CONTROL NUMBER IDENTIFIER
control field OSt
005 - DATE AND TIME OF LATEST TRANSACTION
control field 20210727065031.0
008 - FIXED-LENGTH DATA ELEMENTS--GENERAL INFORMATION
fixed length control field 210727b ||||| |||| 00| 0 eng d
020 ## - INTERNATIONAL STANDARD BOOK NUMBER
International Standard Book Number 043300102X
020 ## - INTERNATIONAL STANDARD BOOK NUMBER
International Standard Book Number 9780433001027
040 ## - CATALOGING SOURCE
Transcribing agency Alupe University
050 ## - LIBRARY OF CONGRESS CALL NUMBER
Classification number RC386
Item number .N67 1990
100 ## - MAIN ENTRY--PERSONAL NAME
Personal name Brian North;
245 ## - TITLE STATEMENT
Title RAISED INTRACRANIAL PRESSURE
Remainder of title A Clinical Guide
260 ## - PUBLICATION, DISTRIBUTION, ETC.
Place of publication, distribution, etc. Oxford
Name of publisher, distributor, etc. Heinemann Medical Books
Date of publication, distribution, etc. c1990
300 ## - PHYSICAL DESCRIPTION
Extent 109p
650 ## - SUBJECT ADDED ENTRY--TOPICAL TERM
Topical term or geographic name entry element Hypertension intracrânienne
700 ## - ADDED ENTRY--PERSONAL NAME
Personal name Peter Reilly
942 ## - ADDED ENTRY ELEMENTS (KOHA)
Source of classification or shelving scheme
Koha item type Book
Suppress in OPAC DO
Holdings
Withdrawn status Lost status Source of classification or shelving scheme Damaged status Not for loan Permanent Location Current Location Shelving location Date acquired Source of acquisition Total Checkouts Full call number Barcode Date last seen Price effective from Koha item type Public note
          AU LIBRARY AU LIBRARY Open Shelf 27.07.2021 Donation from Moi University   RC386 .N67 1990 28002357 27.07.2021 27.07.2021 Book DO

Powered by Koha